عرض عادي
عرض مارك
- التكنولوجيا
مدخل مصطلح موضوعي
001 - رقم الضبط
- حقل الضبط: 60981
003 - معرف رقم الضبط
- حقل الضبط: OSt
005 - تاريخ ووقت أخر عملية
- حقل الضبط: 20180330151108.0
008 - عناصر بيانات ثابتة الطول
- حقل تحكم ثابت الطول: 180330|| aca||aabn | a|a d
040 ## - مصدر الفهرسة
- هيئة الفهرسة الأصلية: OSt
- وكالة الكتابة: OSt
150 ## - مدخل-- مصطلح تاريخي
- عنصر مدخل المصطلح الموضوعي او الاسم الجغرافي: التكنولوجيا
- تفريع عام: جوانب اجتماعية
670 ## - بيانات المصدر موجوده
- الاستشهاد بالمصدر: Work cat.: (OSt): 60886 بلجم، ستيفن فان, العلاقات الرقمية مع الإنسان :, 2018..
